000 00876nam a2200265Ia 4500
003 GCL
008 140319s9999 xx 000 0 ara d
040 _aGCL /
_cGCL
082 0 4 _a953.073
_bن ك
100 1 _aنوفل نعمةالله نوفل
245 1 0 _aكشف اللثام عند محيا الحكومة والاحكام فى اقليمى مصر والشام . /
_cنوفل نعمةالله نوفل
700 1 _aجرجى ينى
700 1 _aميشال ابى فاضل
700 1 _aخان نخول
260 _aبيروت :
_bجروس برس ،
_c1990
300 _a440 ص
490 _a
650 0 4 _aمصر
650 0 4 _aتاريخ
650 0 4 _aسوريا
650 0 4 _aفلسطين
650 0 4 _aالامبراطورية العثمانية
650 0 4 _aالعالم العربى - تاريخ - العصر العثمانى
942 _2ddc
_cBK
999 _c35231
_d35231